Normal view
MARC view
Entry Topical Term
001 - CONTROL NUMBER
- control field: 47488
003 - CONTROL NUMBER IDENTIFIER
- control field: dpl
005 - DATE AND TIME OF LATEST TRANSACTION
- control field: 20120519135817.0
008 - FIXED-LENGTH DATA ELEMENTS
- fixed length control field: 120519|||a|||||| | ||| d
040 ## - CATALOGING SOURCE
- Original cataloging agency: dpl
- Transcribing agency: dpl
150 ## - HEADING--TOPICAL TERM
- Topical term or geographic name as entry element: हिन्दी उपन्यास
670 ## - SOURCE DATA FOUND
- Source citation: Work cat.: (dpl): शर्मा, राजेश 47487, भारत के महान वैज्ञानिक डॉ. के.एस.कृष्णन / , 2004
670 ## - SOURCE DATA FOUND
- Source citation: Work cat.: (dpl): शर्मा, राजेश 47487, भारत के महान वैज्ञानिक डॉ. के.एस.कृष्णन / , 2004
